Maps, mapmaking, and map use by native North Americas

Bibliographic Details
Published in:The history of cartography, J.B. Harley and David Woodward, Chicago [etc.], p. 51-182 (3)
Main Author: Lewis, G.M.
Content type: Article
Published: 1998
Source:MPIPL_cat

MARC

LEADER 00000naa a2200000 u 4500
001 PL0086645
003 PLI01000000000000000084355
005 00000000000000.0
008 ||| u
100 1 |a Lewis, G.M. 
245 0 0 |a Maps, mapmaking, and map use by native North Americas  |c G.M. Lewis 
260 |c 1998 
696 |a Lewis, G. Malcolm 
773 0 8 |t The history of cartography  |a J.B. Harley and David Woodward  |k 3  |d Chicago [etc.]  |g p. 51-182  |w MPIPL_cat.PL0086269  |z 0-226-90728-7  |i In: 
952 |h p. 51-182 
996 |a Aufsatz 
997 |a book chapter